|
|
|
|
| LEADER |
00000nas a2200000 a 4500 |
| 001 |
ssj0000492741 |
| 003 |
WaSeSS |
| 005 |
20200512172242.0 |
| 006 |
m d |
| 007 |
cr n |
| 008 |
070706c200u9999nr uu s 0 0eng |
| 010 |
|
|
|a 2007203095
|
| 016 |
7 |
|
|a 005458553
|2 Uk
|
| 022 |
|
|
|y 1596-2903
|
| 035 |
|
|
|a (WaSeSS)ssj0000492741
|
| 040 |
|
|
|a DLC
|b eng
|c DLC
|d DLC
|d UKMGB
|d OCLCQ
|d OCLCF
|d OCLCO
|d CUS
|d OCLCA
|d WaSeSS
|
| 042 |
|
|
|a pcc
|
| 043 |
|
|
|a f-nr---
|
| 050 |
0 |
0 |
|a S473.N5
|b G58
|
| 245 |
0 |
0 |
|a Global journal of agricultural sciences
|h [electronic resource].
|
| 260 |
|
|
|a Calabar, Nigeria :
|b Bachudo Science Co.
|
| 310 |
|
|
|a Twice a year
|
| 506 |
|
|
|a License restrictions may limit access.
|
| 580 |
|
|
|a The Global journal of agricultural sciences is one of a series of journals whose parent journal is the Global journal of pure and applied sciences.
|
| 588 |
|
|
|a Description based on: Vol. 5, no. 1 (2006); title from cover.
|
| 650 |
|
0 |
|a Agriculture
|z Nigeria
|v Periodicals.
|
| 650 |
|
7 |
|a Agriculture.
|2 fast
|0 (OCoLC)fst00801355
|
| 651 |
|
7 |
|a Nigeria.
|2 fast
|0 (OCoLC)fst01205229
|
| 655 |
|
0 |
|a Electronic journals.
|
| 730 |
0 |
|
|a Global journal of pure and applied sciences.
|
| 787 |
1 |
|
|t Global journal of pure and applied sciences
|x 1118-0579
|w (DLC) 96644263
|w (OCoLC)36144943
|
| 850 |
|
|
|a DLC
|
| 856 |
4 |
0 |
|z Full text available from Research Library: 01/01/2010 to 01/31/2017
|u https://search.proquest.com/publication/60378
|